| 000 | 00730nam a2200229 a 4500 | ||
|---|---|---|---|
| 999 |
_c2766 _d2766 |
||
| 001 | 2766 | ||
| 003 | BD-JhCC | ||
| 005 | 20220807134021.0 | ||
| 008 | 171101s2009 bg a|||| |a|| 000 0 ben d | ||
| 020 | _a9847022010102 | ||
| 035 | _a(BD-JhCC)2316 | ||
| 040 |
_aBD-JhCC _dBD-JhCC |
||
| 041 | _aben | ||
| 082 |
_a500 _bKYM 2009 |
||
| 100 | _aকাইয়ুম, আব্দুল | ||
| 245 |
_aবিজ্ঞানের রাজ্যে রহস্যভেদ / _cআব্দুল কাইয়ুম |
||
| 260 |
_aঢাকা : _bদি ইউনিভার্সিট প্রেস, _c২০০৯. |
||
| 300 |
_a১১১ p. : _bill. ; _c22 cm. |
||
| 650 | _aScience | ||
| 942 |
_2ddc _cBK _01 |
||